Erfolgreichste Filme der 2020er nach Hauptschurken - Statistiken

Allgemein
  • Dieses Quiz wurde 126 mal gespielt
    11 seit der letzten Aktualisierung
  • Das Durchschnittsergebnis liegt bei 9 aus 20
Antwortstatistiken
Bildquiz Hint Antwort % Korrekt
Stephen Lang Avatar
100%
Ryan Gosling Barbie
90%
Jack Black Der Super Mario Bros. Film
70%
Will Ferrell Ich – Einfach unverbesserlich 4
70%
Taraji P. Henson Minions – Auf der Suche nach dem Mini-Boss
70%
Jessica Schwarz Das Kanu des Manitu
60%
Allan Henry (Motion-Capture), Rachel House (Stimme) Ein Minecraft Film
50%
Willem Dafoe Spider-Man: No Way Home
50%
Stellan Skarsgård Dune: Part Two
40%
Mads Mikkelsen Mufasa: Der König der Löwen
40%
? Top Gun: Maverick
40%
Tofiga Fepulea'i Vaiana 2
40%
David Strathairn Zoomania 2
40%
Emma Corrin Deadpool & Wolverine
30%
Rami Malek James Bond 007 – Keine Zeit zu Sterben
30%
Robert Downey Jr. Oppenheimer
30%
Frederick Lau Chantal im Märchenland
20%
Mads Mikkelsen Phantastische Tierwesen: Dumbledores Geheimnisse
20%
Zach Galifianakis Lilo & Stitch
10%
Paterson Joseph Wonka
0%
Keine übereinstimmenden Quizze gefunden
Verteilung der Resultate
Anzahl Personen mit jedem Resultat
Perzentil nach korrekt beantworteten Fragen
Ihre Resultats-Entwicklung
Sie haben dieses Quiz seit der letzten Aktualisierung nicht gespielt